00453nam a2200181Ia 4500003000400000005001700004008004100021020001800062040000700080041001200087082001700099100002200116245004200138260004500180300001600225365001400241650001600255OSt20251023180123.0210423s2017 xx 000 0 und d a9789385302350 cAL aEnglish a361.3 bGUPS aSunil Kumar Gupta aSocial workb: Practices and services aNew DelhibIshika Publishing Housec2017 avii,312bHB b1995cINR aSocial Work